000 00909nam a2200193Ia 4500
008 0000001983 sp a 0000000000spa00
090 _aPSP00 V23
245 1 0 _aVeintiseis pintores, trece críticos
_b: panorama de la joven pintura española
_c/ exposición organizada por la Obra Cultural de la Caja de Pensiones para la Vejez y de Ahorros de Cataluña y Baleares ; fotografias Javier Campano ... [et al.]
300 _a111 p.
_c/ 30 cm.
500 _aCon el patronazgo del maestro venezolano Jesús Rafael Soto (q.e.p.d.)
650 1 4 _aARTE CONTEMPORANEO ESPAÑOL
650 1 4 _xCATALOGOS
650 1 4 _xEXPOSICIONES
650 1 4 _aPINTORES ESPAÑOLES
650 1 4 _aPINTURA ESPAÑOLA
700 1 _aCampano, Javier
710 _aObra Cultural de la Caja de Pensiones para la vejez y de Ahorros de Cataluña y Baleares
999 _c6484
_d6484
260 _aMadrid : Obra Cultural de la Caja de Pensiones
_c1983